01554nam a22002657a 4500003000900000005001700009006001900026007000300045008004100048040003000089082001400119110003900133240001200172245003700184264004400221300002700265336002700292337003400319338002800353505072200381590002701103942001401130952012701144999001701271DO-SdBNP20230818153543.0a||||gr|||| 00| 0 ta230818e1968 dr ||||| |||| 00| 0 spa d aDO-SdBNPbspacBNPHUerda 4222bR426L1 aRepública Dominicana9447eautor a[Leyes]10aLey 3003 y sus modificaciones. / 1a[Santo Domingo] :b[sin editora],c1968 a52 páginas ;c22 cm. 2rdacontentatextobtxt 2rdamediaasin mediaciónbn 2rdacarrieravolumenbnc aCapítulo I.- De los Comandantes de Puertos y sus Atribuciones.--tCapítulo II.- De los Inspectores de Costas.-- tCapítulo III.- De la Entrada de Buques.-- tCapítulo IV.- Carga y Descarga de Buques.-- tCapítulo V.- De las Arribadas Forzosas y Arribabas Voluntarias de los Buques no Destinados a Puertos Nacionales.-- tCapítulo VI.- Operaciones en los Puertos no Habilitados.-- tCapítulo VII.- De las Condiciones Requeridas a los Buques y Embarcaciones.--t VIII.- Cambios de Banderas en los Buques.-- tIX.- De la Patente de Navegación, Rol de la Tripulación y Carnet de la gente de Mar.-- tXI.- De los Requisitos para la Construcción de Buques.-- XII.- Del Arqueo y Registro de los Buques. aInventariado 2023 / MF 2ddccLBS1 00102ddc51708PDaBNPHUbBNPHUcCTd2022-05-19eDonado por Ubi Rivasl0oR426Lp2023-5443r2023-08-18w2023-08-18yLBS1 c54483d54483